[Event "De Verteuil Memorial 21st"]
[Site "Port of Spain"]
[Date "2013.11.14"]
[Round "5"]
[White "Jacobs, Carl"]
[Black "Bartholomew, Kena"]
[Result "0-1"]
[WhiteElo "1562"]
[BlackElo "1789"]
[PlyCount "56"]
[EventDate "2013.10.17"]
[EventType "swiss"]
[EventRounds "7"]
[EventCountry "TRI"]
[SourceTitle "CBM 157 Extra"]
[Source "ChessBase"]
[SourceDate "2013.12.19"]
[SourceVersion "1"]
[SourceVersionDate "2013.12.19"]
[SourceQuality "1"]

1. d4 Nf6 2. c4 g6 3. Nc3 d5 4. cxd5 Nxd5 5. e4 Nxc3 6. bxc3 Bg7 7. Bc4 c5 8. Ne2 Qa5 9. Qb3 0-0 10. 0-0 a6 11. Be3 e6 12. Rac1 b5 13. Bd3 c4 14. Bxc4 bxc4 15. Qxc4 Qb5 16. Qxb5 axb5 17. Rc2 Nc6 18. Rb1 Ba6 19. Ng3 b4 20. Rd1 Bb5 21. Rb2 Ba4 22. Rd3 bxc3 23. Rb6 Nxd4 24. Bxd4 Rfd8 25. e5 c2 26. Ne2 Bxe5 27. Rb4 Bxd4 28. Rbxd4 Bb5 0-1